000 01164nam a22002897a 4500
001 5185
003 FISKH
005 20250422095030.0
008 241118b cb ||||| |||| 00| 0 eng d
020 _a9780545307277
040 _aFISKH
_beng
_cFISKH
_dFISKH
050 _aE61.M267
082 _a970.01
100 _aMann, Charles C.
245 _aBefore Columbus :
_bThe Americas of 1491 /
_cby Charles C. Mann
250 _aFirst Scholastic printing, October 2010
260 _aNew York :
_bScholastic ;
_c2009.
300 _a117 pages :
_bcolor illustrations ;
_c24 cm .
505 _aZ
520 _aThis study of Native American societies is adapted for younger readers from Charles C. Mann's best-selling 1491. Turning conventional wisdom on its head, the book argues that the people of North and South America lived in enormous cities, raised pyramids hundreds of years before the Egyptians did, engineered corn, and farmed the rainforests.
521 8 _a1080
_bLexile NC
521 8 _aZ
_bRaz-Plus
650 _aNative Americans
_vnon-fiction
700 _aHerring, Red
_eBook designer
942 _2ddc
_cBK
_n0
999 _c5185
_d5185